8 mots dans mots : coq (mort subite) - Statistiques

Statistiques générales
  • Ce quiz a été pris 78 fois
  • Le résultat moyen est 5 sur 8
Answers on the Grid
Answers color-coded by a green-red scale on the quiz's grid according to % correct below.
---uelucheuse
En---ailler
Sca---leusement
Super- ---
D---niller
Sca---liser
Méca---raphiquement
A---uiner
Afr---niser
Anti-am---canisme
---uille
Can---ens-français
---uine
Bi---ue
---ueter
Saphylo---ue
 
Statistiques - réponses
Réponse % Correct
---uelucheuse
90%
---uine
68%
Bi---ue
60%
Saphylo---ue
60%
---uille
60%
---ueter
56%
A---uiner
42%
Super- ---
37%
Aucun quiz correspondant
Distribution des résultats
% des personnes avec chaque résultat
Percentile par nombre de réponses
Votre historique - résultats
Vous n’avez pas pris ce quiz